000 00408nab a22001457 4500
003 ES-SlBCS
005 20210327224141.0
008 160426s2016 sp ||||| |||| 00| 0 spa d
040 _aES-SlBCS
_bspa
041 _aspa
100 1 _aD ' Angelo, Mary R.
_9103275
245 1 0 _aEvangelio y familia
_cMary R. D'Angelo
773 0 _gNúm. 365, 2016, págs. 13-28
_tConcilium
_wRev134
_x0210-1041
942 _2lcc
_cAR
999 _c467669
_d467669